000 00567cam a22002053a 4500
001 39020
003 PGUSA
005 20140828083849.0
008 120301s2012||||xxu|||||s|||||000 | eng d
040 _aPGUSA
_beng
042 _adc
100 1 _aDuffield, J. W.
245 1 0 _aBert Wilson's Fadeaway Ball
_h[electronic resource] /
_cJ. W. Duffield
260 _bProject Gutenberg,
_c2012
506 _aPublic domain in the USA.
516 _aElectronic text
830 0 _aProject Gutenberg
_v39020
856 4 0 _uhttp://www.gutenberg.org/ebooks/39020
942 _cEB
999 _c268273
_d268273